• 首页
  • 本馆介绍
  • 公告通知
  • 最新文献
  • 馆藏检索
  • 电子资源
  • 读者导购
  • 参考咨询
  • 我的图书馆
  • 登录
  • 详细信息显示
  • 放入我的书架
  • 预约/预借图书
  • 作者相关作品
  • 分类相关作品
  • 丛书相关作品
  • 出版社相关作品

书目信息

  • 表格格式
  • 工作单格式
  • 卡片格式
题名:
马克思经济理论的形成和发展
    
 
作者: Tuchscheerer , 图赫舍雷尔 著 ;马经青 译
分册:  
出版信息: 北京   人民出版社  1981
页数: 364页
开本: 21cm
丛书名:
单 册:
中图分类: F091.9
科图分类:
主题词: 马克思主义政治经济学--形成--1843~1858 , 经济思想史
电子资源:
ISBN:
000 00959nam0 2200301 45
001 0181004532
005 20060820162545.07
010    @dCNY1.45
091    @a4001.379
100    @a19950626d1981 emky0chiy0121 ea
101 1  @achi@cger
102    @aCN@b110000
105    @ay z 000yy
200 10 @a马克思经济理论的形成和发展@e1843-1858@Ama ke si jing ji li lun de xing cheng he fa zhan@f(德)图赫舍雷尔(W.Tuchscheerer)著@g马经青译
210    @a北京@c人民出版社@d1981
215    @a364页@d21cm
300    @a书名原文:Bevor "Das Kapital" Entstand
300    @a只限国内发行
510 1  @aBevor "Das Kapital" Entstand@zger
606    @a马克思主义政治经济学@x形成@z1843~1858
606 0  @a经济思想史
690    @aF091.9
701 A1 @aTuchscheerer@bW.@4著
701  1 @a图赫舍雷尔@Atu he she lei er@bW.@4著
702  0 @a马经青@Ama jing qing@4译
801  2 @aCN@bNLC@c20060820
801  0 @aCN@b上海图书馆@c20060815
905    @f1@b170494@dF091.9@e9
    
    马克思经济理论的形成和发展:1843-1858/(德)图赫舍雷尔(W.Tuchscheerer)著/马经青译.-北京:人民出版社,1981
    364页;21cm
    书名原文:Bevor "Das Kapital" Entstand.-只限国内发行
    
    ISBN :CNY1.45
    
●
相关链接 在E读中查询图书 在五车中查询图书 在当当中查询图书 在豆瓣中查询图书


正题名:马克思经济理论的形成和发展     索取号:F091.9/9         预约/预借

序号 登录号 条形码 馆藏地/架位号 状态 备注
1 0056704   001793189   密集书库/ [索取号:F091.9/9] 在馆    
2 0056706   001764433   密集书库/ [索取号:F091.9/9] 在馆    
3 0056708   001764479   密集书库/ [索取号:F091.9/9] 在馆    
4 0073372   001754444   密集书库/ [索取号:F091.9/9] 在馆    
5 0073373   001754239   密集书库/ [索取号:F091.9/9] 在馆    
6 0170494   000194202   第一借阅区/ [索取号:F091.9/9] 在馆    
7 0170495   000194239   第一样本阅览室/ [索取号:F091.9/9] 在馆    
8 0424351   204243513   密集书库/ [索取号:F091.9/9] 在馆    
9 0460412   204604124   密集书库/ [索取号:F091.9/9] 在馆    
10 0471708   204717084   密集书库/ [索取号:F091.9/9] 在馆    
唐山师范学院图书馆 欢迎您!
大连网信软件有限公司© 版权所有